<?xml version="1.0" encoding="UTF-8"?>
<record
    xmlns:xsi="http://www.w3.org/2001/XMLSchema-instance"
    xsi:schemaLocation="http://www.loc.gov/MARC21/slim http://www.loc.gov/standards/marcxml/schema/MARC21slim.xsd"
    xmlns="http://www.loc.gov/MARC21/slim">

  <leader>02333nam0a2200409   4500</leader>
  <controlfield tag="001">RU\NLR\BIBL_A\011475968</controlfield>
  <controlfield tag="005">20260407132845.0</controlfield>
  <datafield tag="021" ind1=" " ind2=" ">
    <subfield code="a">RU</subfield>
    <subfield code="b">2017-55181</subfield>
    <subfield code="9">3927</subfield>
  </datafield>
  <datafield tag="029" ind1="1" ind2="0">
    <subfield code="a">RU</subfield>
    <subfield code="b">2-1.9-898-2014</subfield>
    <subfield code="c">&#x420; &#x413;&#x430;&#x437;&#x43F;&#x440;&#x43E;&#x43C;</subfield>
  </datafield>
  <datafield tag="035" ind1=" " ind2=" ">
    <subfield code="a">(RuMoRGB)008946081</subfield>
  </datafield>
  <datafield tag="035" ind1=" " ind2=" ">
    <subfield code="a">(NLR Aleph) 011475968</subfield>
  </datafield>
  <datafield tag="090" ind1=" " ind2=" ">
    <subfield code="a">11873650</subfield>
    <subfield code="c">11873650</subfield>
  </datafield>
  <datafield tag="100" ind1=" " ind2=" ">
    <subfield code="a">20170922d2017    k  y0rusy50      ca</subfield>
  </datafield>
  <datafield tag="101" ind1="0" ind2=" ">
    <subfield code="a">rus</subfield>
  </datafield>
  <datafield tag="102" ind1=" " ind2=" ">
    <subfield code="a">RU</subfield>
  </datafield>
  <datafield tag="105" ind1=" " ind2=" ">
    <subfield code="a">y   l   000|y</subfield>
  </datafield>
  <datafield tag="200" ind1="9" ind2=" ">
    <subfield code="a">&#x41A;&#x43E;&#x442;&#x435;&#x43B;&#x44C;&#x43D;&#x44B;&#x435;</subfield>
    <subfield code="i">&#x41F;&#x43E;&#x440;&#x44F;&#x434;&#x43E;&#x43A; &#x442;&#x435;&#x445;&#x43D;&#x438;&#x447;&#x435;&#x441;&#x43A;&#x43E;&#x433;&#x43E; &#x43E;&#x431;&#x441;&#x43B;&#x443;&#x436;&#x438;&#x432;&#x430;&#x43D;&#x438;&#x44F; &#x438; &#x440;&#x435;&#x43C;&#x43E;&#x43D;&#x442;&#x430;</subfield>
    <subfield code="e">&#x420; &#x413;&#x430;&#x437;&#x43F;&#x440;&#x43E;&#x43C; 2-1.9-898-2014</subfield>
    <subfield code="f">&#x440;&#x430;&#x437;&#x440;&#x430;&#x431;&#x43E;&#x442;&#x430;&#x43D;&#x44B; "&#x41E;&#x440;&#x433;&#x44D;&#x43D;&#x435;&#x440;&#x433;&#x43E;&#x433;&#x430;&#x437;" (&#x41E;&#x410;&#x41E; "&#x41E;&#x440;&#x433;&#x44D;&#x43D;&#x435;&#x440;&#x433;&#x43E;&#x433;&#x430;&#x437;")</subfield>
  </datafield>
  <datafield tag="205" ind1=" " ind2=" ">
    <subfield code="a">&#x418;&#x437;&#x434;. &#x43E;&#x444;&#x438;&#x446;.</subfield>
  </datafield>
  <datafield tag="210" ind1=" " ind2=" ">
    <subfield code="a">&#x421;&#x430;&#x43D;&#x43A;&#x442;-&#x41F;&#x435;&#x442;&#x435;&#x440;&#x431;&#x443;&#x440;&#x433;</subfield>
    <subfield code="c">&#x413;&#x430;&#x437;&#x43F;&#x440;&#x43E;&#x43C;</subfield>
    <subfield code="d">2017</subfield>
  </datafield>
  <datafield tag="215" ind1=" " ind2=" ">
    <subfield code="a">IV, 51 &#x441;.</subfield>
    <subfield code="d">29</subfield>
  </datafield>
  <datafield tag="225" ind1="1" ind2=" ">
    <subfield code="a">&#x414;&#x43E;&#x43A;&#x443;&#x43C;&#x435;&#x43D;&#x442;&#x44B; &#x43D;&#x43E;&#x440;&#x43C;&#x430;&#x442;&#x438;&#x432;&#x43D;&#x44B;&#x435; &#x434;&#x43B;&#x44F; &#x43F;&#x440;&#x43E;&#x435;&#x43A;&#x442;&#x438;&#x440;&#x43E;&#x432;&#x430;&#x43D;&#x438;&#x44F;, &#x441;&#x442;&#x440;&#x43E;&#x438;&#x442;&#x435;&#x43B;&#x44C;&#x441;&#x442;&#x432;&#x430; &#x438; &#x44D;&#x43A;&#x441;&#x43F;&#x43B;&#x443;&#x430;&#x442;&#x430;&#x446;&#x438;&#x438; &#x43E;&#x431;&#x44A;&#x435;&#x43A;&#x442;&#x43E;&#x432; &#x41E;&#x410;&#x41E; "&#x413;&#x430;&#x437;&#x43F;&#x440;&#x43E;&#x43C;"</subfield>
  </datafield>
  <datafield tag="225" ind1="2" ind2=" ">
    <subfield code="a">&#x420;&#x435;&#x43A;&#x43E;&#x43C;&#x435;&#x43D;&#x434;&#x430;&#x446;&#x438;&#x438; &#x43E;&#x440;&#x433;&#x430;&#x43D;&#x438;&#x437;&#x430;&#x446;&#x438;&#x438;</subfield>
    <subfield code="f">&#x413;&#x430;&#x437;&#x43F;&#x440;&#x43E;&#x43C;</subfield>
  </datafield>
  <datafield tag="239" ind1=" " ind2=" ">
    <subfield code="a">&#x412;&#x432;&#x435;&#x434;. 22.04.2016</subfield>
  </datafield>
  <datafield tag="320" ind1=" " ind2=" ">
    <subfield code="a">&#x411;&#x438;&#x431;&#x43B;&#x438;&#x43E;&#x433;&#x440;.: &#x441;. 50 (12 &#x43D;&#x430;&#x437;&#x432;.)</subfield>
  </datafield>
  <datafield tag="517" ind1="1" ind2=" ">
    <subfield code="a">&#x420; &#x413;&#x430;&#x437;&#x43F;&#x440;&#x43E;&#x43C; 2-1.9-898-2014</subfield>
  </datafield>
  <datafield tag="606" ind1=" " ind2=" ">
    <subfield code="a">&#x42D;&#x43D;&#x435;&#x440;&#x433;&#x435;&#x442;&#x438;&#x43A;&#x430; -- &#x422;&#x435;&#x43F;&#x43B;&#x43E;&#x44D;&#x43D;&#x435;&#x440;&#x433;&#x435;&#x442;&#x438;&#x43A;&#x430;. &#x422;&#x435;&#x43F;&#x43B;&#x43E;&#x442;&#x435;&#x445;&#x43D;&#x438;&#x43A;&#x430; -- &#x422;&#x435;&#x43F;&#x43B;&#x43E;&#x441;&#x43D;&#x430;&#x431;&#x436;&#x435;&#x43D;&#x438;&#x435; -- &#x41E;&#x442;&#x43E;&#x43F;&#x438;&#x442;&#x435;&#x43B;&#x44C;&#x43D;&#x44B;&#x435; &#x43A;&#x43E;&#x442;&#x435;&#x43B;&#x44C;&#x43D;&#x44B;&#x435; -- &#x41E;&#x442;&#x43E;&#x43F;&#x438;&#x442;&#x435;&#x43B;&#x44C;&#x43D;&#x43E;-&#x43F;&#x440;&#x43E;&#x438;&#x437;&#x432;&#x43E;&#x434;&#x441;&#x442;&#x432;&#x435;&#x43D;&#x43D;&#x44B;&#x435; &#x43A;&#x43E;&#x442;&#x435;&#x43B;&#x44C;&#x43D;&#x44B;&#x435; -- &#x42D;&#x43A;&#x441;&#x43F;&#x43B;&#x443;&#x430;&#x442;&#x430;&#x446;&#x438;&#x44F;, &#x440;&#x435;&#x43C;&#x43E;&#x43D;&#x442; -- &#x418;&#x43D;&#x441;&#x442;&#x440;&#x443;&#x43A;&#x442;&#x438;&#x432;&#x43D;&#x44B;&#x435; &#x438;&#x437;&#x434;&#x430;&#x43D;&#x438;&#x44F;</subfield>
    <subfield code="2">rubbk</subfield>
  </datafield>
  <datafield tag="606" ind1=" " ind2=" ">
    <subfield code="a">&#x41A;&#x43E;&#x442;&#x435;&#x43B;&#x44C;&#x43D;&#x44B;&#x435; &#x443;&#x441;&#x442;&#x430;&#x43D;&#x43E;&#x432;&#x43A;&#x438;</subfield>
    <subfield code="j">&#x41D;&#x43E;&#x440;&#x43C;&#x430;&#x442;&#x438;&#x432;&#x43D;&#x44B;&#x435; &#x434;&#x43E;&#x43A;&#x443;&#x43C;&#x435;&#x43D;&#x442;&#x44B;</subfield>
    <subfield code="x">&#x422;&#x435;&#x445;&#x43D;&#x438;&#x447;&#x435;&#x441;&#x43A;&#x43E;&#x435; &#x43E;&#x431;&#x441;&#x43B;&#x443;&#x436;&#x438;&#x432;&#x430;&#x43D;&#x438;&#x435;</subfield>
    <subfield code="9">1609138</subfield>
    <subfield code="3">RU\NLR\AUTH\66708945</subfield>
  </datafield>
  <datafield tag="606" ind1=" " ind2=" ">
    <subfield code="a">&#x41A;&#x43E;&#x442;&#x435;&#x43B;&#x44C;&#x43D;&#x44B;&#x435; &#x443;&#x441;&#x442;&#x430;&#x43D;&#x43E;&#x432;&#x43A;&#x438;</subfield>
    <subfield code="j">&#x41D;&#x43E;&#x440;&#x43C;&#x430;&#x442;&#x438;&#x432;&#x43D;&#x44B;&#x435; &#x434;&#x43E;&#x43A;&#x443;&#x43C;&#x435;&#x43D;&#x442;&#x44B;</subfield>
    <subfield code="x">&#x420;&#x435;&#x43C;&#x43E;&#x43D;&#x442;</subfield>
    <subfield code="9">1608983</subfield>
    <subfield code="3">RU\NLR\AUTH\66708857</subfield>
  </datafield>
  <datafield tag="686" ind1=" " ind2=" ">
    <subfield code="a">&#x417;384-08&#x44F;82</subfield>
    <subfield code="v">2000</subfield>
    <subfield code="2">rubbk</subfield>
  </datafield>
  <datafield tag="686" ind1="1" ind2=" ">
    <subfield code="a">&#x417;370.2-5-08&#x44F;8</subfield>
  </datafield>
  <datafield tag="712" ind1="0" ind2="2">
    <subfield code="4">725</subfield>
    <subfield code="a">"&#x413;&#x430;&#x437;&#x43F;&#x440;&#x43E;&#x43C;", &#x440;&#x43E;&#x441;&#x441;&#x438;&#x439;&#x441;&#x43A;&#x43E;&#x435; &#x430;&#x43A;&#x446;&#x438;&#x43E;&#x43D;&#x435;&#x440;&#x43D;&#x43E;&#x435; &#x43E;&#x431;&#x449;&#x435;&#x441;&#x442;&#x432;&#x43E;</subfield>
    <subfield code="3">RU\NLR\AUTH\889994843</subfield>
    <subfield code="9">486484</subfield>
  </datafield>
  <datafield tag="712" ind1="0" ind2="2">
    <subfield code="4">900</subfield>
    <subfield code="a">"&#x41E;&#x440;&#x433;&#x44D;&#x43D;&#x435;&#x440;&#x433;&#x43E;&#x433;&#x430;&#x437;", &#x430;&#x43A;&#x446;&#x438;&#x43E;&#x43D;&#x435;&#x440;&#x43D;&#x43E;&#x435; &#x43E;&#x431;&#x449;&#x435;&#x441;&#x442;&#x432;&#x43E;</subfield>
    <subfield code="c">&#x41C;&#x43E;&#x441;&#x43A;&#x432;&#x430;</subfield>
    <subfield code="3">RU\NLR\AUTH\8810377</subfield>
    <subfield code="9">293357</subfield>
  </datafield>
  <datafield tag="942" ind1=" " ind2=" ">
    <subfield code="c">BOOK</subfield>
  </datafield>
  <datafield tag="980" ind1=" " ind2=" ">
    <subfield code="a">NBR</subfield>
  </datafield>
</record>
